Biblioteca y Centro de Documentación

Los nuevos perfiles del Estado social (Registro nro. 50568)

Detalles MARC
000 -CABECERA
Longitud fija campo de control 01553nam a2200445 c 4500
001 - NÚMERO DE CONTROL
Número de control 50568
003 - IDENTIFICADOR DE NÚMERO DE CONTROL
Identificador del número de control ES-MaCES
005 - FECHA Y HORA DE LA ÚLTIMA TRANSACCIÓN
Fecha y hora de la última transacción 20251115040003.0
008 - CAMPO FIJO DE DESCRIPCIÓN FIJA--INFORMACIÓN GENERAL
Códigos de información de longitud fija   180305s2017 sp | 000 | spa d
017 ## - NÚMERO DE REGISTRO DE DERECHOS DE AUTOR Y DEPÓSITO LEGAL
Número de copyright o de depósito legal M 35790-2017
Agencia que asigna el número DL
020 ## - ISBN (INTERNATIONAL STANDARD BOOK NUMBER)
Número Internacional Normalizado para Libros (ISBN) 9788429020120
040 ## - FUENTE DE CATALOGACIÓN
Centro catalogador de origen ES-MaCES
Lengua de catalogación spa
Centro transcriptor ES-MaCES
041 0# - CÓDIGO DE IDIOMA
Código de lengua del texto;banda sonora o título independiente spa
-- ita
245 04 - MENCIÓN DE TÍTULO
Título Los nuevos perfiles del Estado social
Resto del título : la promoción del empleo de los trabajadores jóvenes y maduros
Mención de responsabilidad, etc. dir., Azuzena Escudero Prieto ; coord., Milagros Alonso Bravo ; [autores], Beatriz Agra Viforcos ... [et al.]
250 ## - MENCIÓN DE EDICIÓN
Mención de edición 1ª ed
260 ## - PUBLICACIÓN, DISTRIBUCIÓN, ETC (PIE DE IMPRENTA)
Lugar de publicación, distribución, etc. Madrid
Nombre del editor, distribuidor, etc. Reus
Fecha de publicación, distribución, etc. 2017
300 ## - DESCRIPCIÓN FÍSICA
Extensión 406 p.
Dimensiones 24 cm
490 1# - MENCIÓN DE SERIE
Mención de serie Colección de Derecho laboral
500 ## - NOTA GENERAL
Nota general Textos en español e italiano
541 ## - NOTA DE LA FUENTE INMEDIANTE DE ADQUISICIÓN
Forma de adquisición Compra
650 #4 - ASIENTO SECUNDARIO DE MATERIA--TÉRMINO DE MATERIA
Término de materia o nombre geográfico como elemento inicial empleo de jóvenes
9 (RLIN) 29982
650 #4 - ASIENTO SECUNDARIO DE MATERIA--TÉRMINO DE MATERIA
Término de materia o nombre geográfico como elemento inicial trabajador de edad avanzada
9 (RLIN) 28410
650 #4 - ASIENTO SECUNDARIO DE MATERIA--TÉRMINO DE MATERIA
Término de materia o nombre geográfico como elemento inicial discriminación por edad
9 (RLIN) 29857
650 #4 - ASIENTO SECUNDARIO DE MATERIA--TÉRMINO DE MATERIA
Término de materia o nombre geográfico como elemento inicial política de empleo
9 (RLIN) 28300
650 #4 - ASIENTO SECUNDARIO DE MATERIA--TÉRMINO DE MATERIA
Término de materia o nombre geográfico como elemento inicial fomento del empleo
9 (RLIN) 30270
650 #4 - ASIENTO SECUNDARIO DE MATERIA--TÉRMINO DE MATERIA
Término de materia o nombre geográfico como elemento inicial empleabilidad
9 (RLIN) 29674
650 #4 - ASIENTO SECUNDARIO DE MATERIA--TÉRMINO DE MATERIA
Término de materia o nombre geográfico como elemento inicial flexibilidad del trabajo
9 (RLIN) 30174
650 #4 - ASIENTO SECUNDARIO DE MATERIA--TÉRMINO DE MATERIA
Término de materia o nombre geográfico como elemento inicial régimen de pensión
9 (RLIN) 27042
650 #4 - ASIENTO SECUNDARIO DE MATERIA--TÉRMINO DE MATERIA
Término de materia o nombre geográfico como elemento inicial trabajo a cuenta propia
9 (RLIN) 30170
650 #4 - ASIENTO SECUNDARIO DE MATERIA--TÉRMINO DE MATERIA
Término de materia o nombre geográfico como elemento inicial economía colaborativa
9 (RLIN) 37923
650 #4 - ASIENTO SECUNDARIO DE MATERIA--TÉRMINO DE MATERIA
Término de materia o nombre geográfico como elemento inicial España
9 (RLIN) 26964
650 #4 - ASIENTO SECUNDARIO DE MATERIA--TÉRMINO DE MATERIA
Término de materia o nombre geográfico como elemento inicial régimen jurídico
9 (RLIN) 29894
653 10 - TÉRMINO DE INDEXACIÓN--NO CONTROLADO
Término no controlado Empleo
700 1# - ENCABEZAMIENTO SECUNDARIO--NOMBRE PERSONAL
9 (RLIN) 38965
Nombre de persona Escudero Prieto, Azuzena
Término indicativo de función dir.
700 1# - ENCABEZAMIENTO SECUNDARIO--NOMBRE PERSONAL
9 (RLIN) 38966
Nombre de persona Alonso Bravo, Milagros
Término indicativo de función coord.
700 1# - ENCABEZAMIENTO SECUNDARIO--NOMBRE PERSONAL
9 (RLIN) 5642
Nombre de persona Agra Viforcos, Beatriz
830 #0 - ENCABEZAMIENTO SECUNDARIO DE COLECCIÓN--TÍTULO UNIFORME
9 (RLIN) 34532
Título uniforme Colección de Derecho laboral
902 ## - CES. TIPO DE DOCUMENTO
Tipodoc (006$c Sirtex) LIB Libro
942 ## - ELEMENTOS KOHA
Fuente de clasificaión o esquema Clasificación propia del CES
Koha [por defecto] tipo de item Monografías
Parte de clasificación Empleo
Existencias
Número de registro Signatura completa Tipo de item de Koha
090124 SG-2.1.-271 Monografías
© CES, Consejo Económico y Social de España 2021